000 00734nam a2200253 i 4500
001 000034119
003 DO-SdBNP
005 20251028120042.0
007 ta
008 110926s19uu dr 000 0 spa d
040 _aDO-SdBNP
_bspa
_cBNPHU
_erda
041 _aspa
082 _axxx
_bC745a
_222
100 1 _aConde, Pedro
_eautor
_926799
245 1 0 _aAntologia informal :
_bla joven poesía dominicana /
_cPedro Conde.
264 _aSanto Domingo :
_bEditora Nacional,
_c[fecha no identificada]
300 _a110 páginas ;
_c21 cm.
336 _ardacontent
_btexto
_2txt
337 _ardamedia
_bsin mediación
_2n
338 _ardacarrier
_bvolumen
_2nc
590 _aInventariado, 2025/DG
910 _aDG
942 _2ddc
_cLBS1
999 _c33610
_d33610